Countries by Flag: Red, White, and Blue - Statistics

General Stats
  • This quiz has been taken 70 times
    19 since last reset
  • The average score is 18 of 25
Answer Stats
Starts with: Answer % Correct
U United States
100%
U United Kingdom
94%
A Australia
88%
F France
88%
I Iceland
88%
N Norway
88%
R Russia
88%
N New Zealand
81%
C Costa Rica
75%
C Czech Republic
75%
L Luxembourg
75%
N Netherlands
75%
C Cambodia
69%
L Laos
69%
N Nepal
69%
S Slovakia
69%
S Slovenia
69%
T Thailand
69%
C Cuba
63%
P Panama
63%
C Chile
56%
L Liberia
56%
N North Korea
56%
S Samoa
50%
T Taiwan
50%
No matching quizzes found
Score Distribution
Percent of People with Each Score
Percentile by Number Answered
Your Score History
You have not taken this quiz since the last reset